Zur präferenzkonformen Ordnung Europas Ordnungsgestaltung im Spannungsfeld von Einheit und Vielfalt

Enregistré dans:
Détails bibliographiques
Auteur principal: Hannowsky, Dirk
Autres auteurs: Renner, Andreas
Format: Livre
Langue:allemand
Publié: Frankfurt am Main Peter Lang 1998
Collection:Europäische Hochschulschriften Reihe 5, Volks- und Betriebswirtschaft, Bd. 2236
Sujets:
Tags: Ajouter un tag
Pas de tags, Soyez le premier à ajouter un tag!

MARC

LEADER 00000nam a2200000 4500
001 c104113
005 20221221084937.7
020 |a 3-631-32667-X 
022 |a 0531-7339 
041 0 |a ger 
044 |a DE 
245 1 0 |a Zur präferenzkonformen Ordnung Europas  |b Ordnungsgestaltung im Spannungsfeld von Einheit und Vielfalt  |c Dirk Hannowsky / Andreas Renner 
264 1 |a Frankfurt am Main  |b Peter Lang  |c 1998 
300 |a 170 s. 
490 1 |a Europäische Hochschulschriften  |v Reihe 5, Volks- und Betriebswirtschaft, Bd. 2236 
830 0 |a Europäische Hochschulschriften  |v Reihe 5, Volks- und Betriebswirtschaft, Bd. 2236 
610 2 0 |a integrácia 
610 2 0 |a integrácia ekonomická medzinárodná 
610 2 0 |a systémy ekonomické 
610 2 0 |a štruktúra ekonomická 
610 2 0 |a krajiny vyspelé 
610 2 0 |a hospodárstvo trhové 
610 2 0 |a problémy globálne 
610 2 0 |a občania 
610 2 0 |a konkurencia 
610 2 0 |a konkurencia medzinárodná 
610 2 0 |a trh 
610 2 0 |a politika 
610 2 0 |a reformy 
610 2 0 |a Európa 
610 2 0 |a Európska únia 
610 2 0 |a SVE 
100 1 |a Hannowsky, Dirk 
700 1 |a Renner, Andreas